000 01089cam a22002771a 4500
001 gs 33000063
003 DLC
005 20260227111337.0
008 871119s1923 bl abf b 001 0 por c
010 _ags 33000063
035 _a(OCoLC)17006497
040 _aU.S. Geol. Survey. Libr.
_cCLU
_dCLU
_dDLC
043 _as-bl---
050 0 0 _aTC841
_b.A3 no. 23
100 1 _aWaring, Gerald A.
_q(Gerald Ashley),
_d1883-
245 1 0 _aSupprimento d'agua no nordeste do Brasil /
_cpor Geraldo A. Waring.
250 _a2a. edição
260 _a[Rio de Janeiro] :
_bImprensa Ingleza,
_c1923.
300 _axlii, 78 p., [6] leaves of plates :
_bill., fold. map, diagr. ;
_c23 cm.
490 1 _aInspectoria Federal de Obras contra as Seccas ;
_vPublicação n. 23, Serie I. D. Hydrologia, Geologia
500 _aAt head of title: Ministerio da Viação e Obras Publicas.
504 _aBibliography: p. 6.
500 _aIncludes index.
650 0 _aWater-supply
_zBrazil, Northeast.
830 0 _aPublicação (Brazil. Inspectoria Federal de Obras contra as Seccas) ;
_vn. 23, sér. 1, D.
999 _c27004
_d27004